[Event "Krakow op-B 25th"]
[Site "Krakow"]
[Date "2014.12.30"]
[Round "5"]
[White "Gokhale, Raghunandan V"]
[Black "Jasiak, Filip"]
[Result "1-0"]
[WhiteElo "2076"]
[BlackElo "1861"]
[PlyCount "95"]
[EventDate "2014.12.27"]
[EventType "swiss"]
[EventRounds "9"]
[EventCountry "POL"]
[SourceTitle "CBM 164 Extra"]
[Source "ChessBase"]
[SourceDate "2015.03.02"]
[SourceVersion "1"]
[SourceVersionDate "2015.03.02"]
[SourceQuality "1"]

1. e4 c5 2. c3 e5 3. Nf3 Nc6 4. d4 cxd4 5. cxd4 exd4 6. Nxd4 d5 7. Bb5 Bb4+ 8. Nc3 Nge7 9. exd5 Qxd5 10. 0-0 Bxc3 11. bxc3 0-0 12. Nxc6 bxc6 13. Qxd5 Nxd5 14. Bxc6 Be6 15. Ba3 Nxc3 16. Bxf8 Rxf8 17. Rfe1 Rc8 18. Bf3 Nxa2 19. h3 Nb4 20. Rxa7 Nd3 21. Re3 Nf4 22. Kh2 Ng6 23. g3 Nf8 24. Kg2 Ng6 25. Be4 Nf8 26. f4 f6 27. f5 Bc4 28. Rc3 Bf1+ 29. Kxf1 Rxc3 30. Bd5+ Kh8 31. Ra8 g6 32. Rxf8+ Kg7 33. Rf7+ Kh6 34. Kf2 gxf5 35. Rxf6+ Kg5 36. Rc6 Rd3 37. Bf3 f4 38. Rc5+ Kf6 39. gxf4 Rd2+ 40. Ke3 Rb2 41. Rc6+ Kg7 42. Be4 Rb3+ 43. Bd3 Rb7 44. f5 Re7+ 45. Kf4 Ra7 46. Kg5 h6+ 47. Rxh6 Ra3 48. f6+ 1-0

[Event "Krakow op-B 25th"]
[Site "Krakow"]
[Date "2014.12.27"]
[Round "1"]
[White "Dmochowska, Agnieszka"]
[Black "Gokhale, Raghunandan V"]
[Result "1-0"]
[WhiteElo "1916"]
[BlackElo "2076"]
[PlyCount "93"]
[EventDate "2014.12.27"]
[EventType "swiss"]
[EventRounds "9"]
[EventCountry "POL"]
[SourceTitle "CBM 164 Extra"]
[Source "ChessBase"]
[SourceDate "2015.03.02"]
[SourceVersion "1"]
[SourceVersionDate "2015.03.02"]
[SourceQuality "1"]

1. e4 d6 2. d4 Nf6 3. Nc3 e5 4. Nf3 exd4 5. Nxd4 Be7 6. Bc4 0-0 7. 0-0 Nxe4 8. Nxe4 d5 9. Qe2 dxc4 10. Qxc4 Nc6 11. Nxc6 bxc6 12. Qxc6 Rb8 13. Qc3 Qd5 14. Re1 Bb4 15. Qg3 Rb6 16. c3 Re6 17. Bf4 Rxe4 18. Rxe4 Qxe4 19. cxb4 Qxb4 20. Bxc7 Re8 21. Be5 f6 22. Bc3 Qb6 23. Rd1 Kf7 24. Qf3 Qb5 25. h4 Be6 26. b3 h6 27. Bb2 Rc8 28. Qe3 Qa5 29. a3 Rc2 30. Rd6 Qf5 31. Qxa7+ Kg6 32. Qe3 Bd5 33. Bd4 Kh7 34. Rxd5 Qxd5 35. Qd3+ Kh8 36. Qxc2 Qxd4 37. g3 Qa1+ 38. Kh2 Qxa3 39. Qc4 Qa7 40. Qc8+ Kh7 41. Qf5+ Kg8 42. b4 Kf7 43. Qd5+ Ke7 44. Qc5+ Qxc5 45. bxc5 Ke6 46. Kh3 h5 47. g4 1-0

[Event "Kecskemet Caissa IM 01"]
[Site "Kecskemet"]
[Date "2011.01.26"]
[Round "7"]
[White "Erdelyi, Tamas"]
[Black "Gokhale, Raghunandan V"]
[Result "1-0"]
[WhiteElo "2160"]
[BlackElo "2106"]
[PlyCount "61"]
[EventDate "2011.01.23"]
[EventType "tourn"]
[EventRounds "10"]
[EventCountry "HUN"]
[SourceTitle "CBM 140 Extra"]
[Source "ChessBase"]
[SourceDate "2011.03.01"]
[SourceVersion "1"]
[SourceVersionDate "2011.03.01"]
[SourceQuality "1"]

1. Nf3 Nf6 2. c4 g6 3. Nc3 d6 4. g3 e5 5. Bg2 Bg7 6. 0-0 0-0 7. d3 Nc6 8. Rb1 Nh5 9. b4 f5 10. b5 Ne7 11. Qb3 Kh8 12. Nd2 f4 13. Ba3 Rb8 14. c5 g5 15. cxd6 cxd6 16. Qa4 Bg4 17. Nc4 e4 18. f3 exf3 19. exf3 Bxc3 20. fxg4 Nf6 21. Bb2 Bxb2 22. Nxb2 Nxg4 23. Qd4+ Kg8 24. gxf4 gxf4 25. Rxf4 Rxf4 26. Qxf4 Qb6+ 27. d4 h5 28. h3 Rf8 29. Qg5+ Kf7 30. Qxh5+ Ng6 31. Qxg4 1-0

[Event "Kecskemet Caissa IM 01"]
[Site "Kecskemet"]
[Date "2011.01.24"]
[Round "3"]
[White "Farkas, Tibor"]
[Black "Gokhale, Raghunandan V"]
[Result "1/2-1/2"]
[WhiteElo "2259"]
[BlackElo "2106"]
[PlyCount "28"]
[EventDate "2011.01.23"]
[EventType "tourn"]
[EventRounds "10"]
[EventCountry "HUN"]
[SourceTitle "CBM 140 Extra"]
[Source "ChessBase"]
[SourceDate "2011.03.01"]
[SourceVersion "1"]
[SourceVersionDate "2011.03.01"]
[SourceQuality "1"]

1. e4 c6 2. d4 d5 3. exd5 cxd5 4. c4 Nf6 5. Nc3 Nc6 6. Nf3 a6 7. cxd5 Nxd5 8. Bc4 e6 9. 0-0 Be7 10. Re1 0-0 11. Bd3 Nf6 12. a3 b5 13. Bg5 Bb7 14. Rc1 b4 1/2-1/2

[Event "Kecskemet Caissa IM 01"]
[Site "Kecskemet"]
[Date "2011.01.23"]
[Round "1"]
[White "Gokhale, Raghunandan V"]
[Black "Lyell, Mark"]
[Result "0-1"]
[WhiteElo "2106"]
[BlackElo "2197"]
[PlyCount "82"]
[EventDate "2011.01.23"]
[EventType "tourn"]
[EventRounds "10"]
[EventCountry "HUN"]
[SourceTitle "CBM 140 Extra"]
[Source "ChessBase"]
[SourceDate "2011.03.01"]
[SourceVersion "1"]
[SourceVersionDate "2011.03.01"]
[SourceQuality "1"]

1. d4 d5 2. c4 Nc6 3. cxd5 Qxd5 4. e3 e5 5. Nc3 Bb4 6. Bd2 Bxc3 7. Bxc3 exd4 8. Ne2 Nf6 9. Nxd4 0-0 10. Be2 Ne4 11. Nxc6 Qxc6 12. Rc1 Nxc3 13. Rxc3 Qxg2 14. Bf3 Qg5 15. h4 Qe5 16. Qc1 c6 17. Rc5 Qf6 18. Ke2 Bf5 19. Qc3 Qxc3 20. bxc3 Be6 21. Rb1 Rab8 22. Ra5 a6 23. Ra4 Rfd8 24. a3 Kf8 25. Rb6 Bd5 26. Bg4 c5 27. c4 Be4 28. Ra5 Bd3+ 29. Ke1 Bxc4 30. Rxc5 Bd5 31. Rc7 Bc6 32. Ke2 Rd6 33. Ke1 Rbd8 34. Rc8 Ke7 35. Rxd8 Kxd8 36. h5 h6 37. f4 Rd3 38. Kf2 Rd2+ 39. Ke1 Rd3 40. Kf2 Rxa3 41. Bf3 Ra2+ 0-1

[Event "Budapest FS03 FM-A"]
[Site "Budapest"]
[Date "2008.03.07"]
[Round "7"]
[White "Gokhale, Raghunandan V"]
[Black "Schutz, Peter"]
[Result "1/2-1/2"]
[WhiteElo "2155"]
[BlackElo "1936"]
[PlyCount "38"]
[EventDate "2008.03.01"]
[EventType "tourn"]
[EventRounds "13"]
[EventCountry "HUN"]
[SourceTitle "CBM 123 Extra"]
[Source "ChessBase"]
[SourceDate "2008.05.06"]
[SourceVersion "1"]
[SourceVersionDate "2008.05.06"]
[SourceQuality "1"]

1. d4 d5 2. c4 dxc4 3. Nf3 Nf6 4. e3 Bg4 5. Bxc4 e6 6. Qb3 Bxf3 7. gxf3 b6 8. Nc3 c6 9. f4 g6 10. Bd2 b5 11. Be2 a5 12. Bf3 a4 13. Qc2 Nd5 14. a3 Bh6 15. Nxd5 exd5 16. Bb4 Qd7 17. Rc1 Qe6 18. 0-0 f5 19. Be2 Kf7 1/2-1/2

[Event "Budapest FS03 FM-A"]
[Site "Budapest"]
[Date "2008.03.03"]
[Round "3"]
[White "Gokhale, Raghunandan V"]
[Black "Letay, Gyula"]
[Result "1/2-1/2"]
[WhiteElo "2155"]
[BlackElo "2130"]
[PlyCount "85"]
[EventDate "2008.03.01"]
[EventType "tourn"]
[EventRounds "13"]
[EventCountry "HUN"]
[SourceTitle "CBM 123 Extra"]
[Source "ChessBase"]
[SourceDate "2008.05.06"]
[SourceVersion "1"]
[SourceVersionDate "2008.05.06"]
[SourceQuality "1"]

1. e4 c5 2. Nc3 Nc6 3. f4 e6 4. Nf3 a6 5. g3 Nge7 6. Bg2 g6 7. e5 d5 8. exd6 Nf5 9. Ne5 Nxe5 10. fxe5 Bg7 11. 0-0 Bxe5 12. d3 Nxd6 13. Bh6 Nf5 14. Qd2 Nxh6 15. Qxh6 Qd4+ 16. Kh1 Bg7 17. Qg5 h6 18. Qd2 0-0 19. Rae1 f5 20. Qf4 e5 21. Qf3 Rb8 22. Nd5 Be6 23. c3 Bxd5 24. Qxd5+ Qxd5 25. Bxd5+ Kh7 26. a4 Rfd8 27. c4 b5 28. axb5 axb5 29. b3 bxc4 30. Bxc4 Ra8 31. Rb1 Rd4 32. Ra1 Rxa1 33. Rxa1 e4 34. Ra8 h5 35. dxe4 fxe4 36. Re8 g5 37. Rxe4 Rd1+ 38. Kg2 Bd4 39. h3 Rd2+ 40. Re2 Rd1 41. Re4 Kg7 42. Kf3 Rh1 43. Kg2 1/2-1/2